000
00295nam a2200133Ia 4500
100
_a
Gehani & Parikh
650
_a
Chemistry
942
_c
BK
654
_a
Chemistry
245
_a
Inorganic Chemistry Inter Science II
260
_b
A.R. Seth &co
_c
2001
082
_a
546
546
_a
ENGLISH
999
_c
33030
_d
33030